FAO farm systems management series N.2 Risk analysis in dryland farming systems

Đã lưu trong:
Sonraí Bibleagrafaíochta
Príomhúdar: Jock R Anderson
Formáid: Leabhar
Teanga:Undetermined
Foilsithe: Rome FAO 1992
Ábhair:
Clibeanna: Cuir Clib Leis
Gan Chlibeanna, Bí ar an gcéad duine leis an taifead seo a chlibeáil!
Thư viện lưu trữ: Trung tâm Học liệu Trường Đại học Cần Thơ
LEADER 00549nam a2200193Ia 4500
001 CTU_3815
008 210402s9999 xx 000 0 und d
082 |a 631 
082 |b F233/N.2 
100 |a Jock R Anderson 
245 0 |a FAO farm systems management series N.2 
245 0 |b Risk analysis in dryland farming systems 
245 0 |c Jock R Anderson 
260 |a Rome 
260 |b FAO 
260 |c 1992 
650 |a farm management 
904 |i Nguyễn Quang Điền, 960530 
980 |a Trung tâm Học liệu Trường Đại học Cần Thơ